000 00780cam a2200241u 4500
999 _c20409
_d20409
001 8410381
003 BDDh-ASL
005 20231015025902.0
008 830419s1956 wauh 000 0 eng
010 _a 57059587
040 _aDLC
_cCarP
_dDLC
_dBDDh-ASL
043 _ae-ur---
050 0 0 _aDS63.2.R9
_bS65 1956a
082 _a297.0947
_bSPS
100 1 _aSpector, Ivar,
_d1898-
245 1 4 _aThe Soviet Union and the Muslim world, 1917-1956 /
260 _a[Seattle]
_bDistributed by University of Washington Press
_c[c1956]
300 _avii, 158 l.
_bfacsim.
_c28 cm.
651 0 _aSoviet Union
_xForeign relations
_zIslamic countries.
651 0 _aIslamic countries
_xPolitics and government.
906 _a0
_bcbc
_cpremunv
_du
_encip
_f19
_gy-gencatlg
942 _2ddc
_cBK